000 01104nam a2200301 c 4500
999 _c160138
_d160138
003 BLK
005 20220225090003.0
008 180410b bul|||||r ||||||| ||bul||
010 _aKNG00167340000
040 _aBLK
041 _aBUL
_cBUL
072 7 _2bullib
_aК
_xКраезнание
080 _aБългарска литература
_b821.163.2
_x-8
_z821.163.2-8
100 1 _aКадинов, Ангел Атанасов
_eпърви автор
_9334778
139 _aКадинов, Ангел Атанасов
_bК 13
245 1 0 _aСлед неочакваните бъднини
_bСб. статии, пиеси, разкази и фейлетони
_cАнгел Атанасов Кадинов.
257 _aBGR
260 _c1928
_fРусе : Учител
300 _a48 с.
_c23 см
380 _aX
500 _a1 000 тир.
659 _aК
852 _aЦб 40965
852 _aК 821.163.2/К 13 А
856 4 _qpdf
856 4 _qpdf
942 _cKNG
_n0
_s1
944 _aCR
_c14.11.2014
_l14.11.2014 - от С1,Р / 14.11.2014
_kНора_Радева
944 _aED
_c14.11.2014
_l14.11.2014 - от С1,Р / 14.11.2014
999 _d160138
999 _d160138